<?xml version="1.0" encoding="UTF-8"?>
<marc:record xmlns:marc="http://www.loc.gov/MARC21/slim">
   <marc:leader>00000nam a2200000 a 4500</marc:leader>
   <marc:datafield ind1=" " ind2=" " tag="653">
      <marc:subfield code="a">Ostern</marc:subfield>
   </marc:datafield>
   <marc:datafield ind1=" " ind2=" " tag="653">
      <marc:subfield code="a">Lieder</marc:subfield>
   </marc:datafield>
   <marc:datafield ind1=" " ind2=" " tag="653">
      <marc:subfield code="a">Pfingsten</marc:subfield>
   </marc:datafield>
   <marc:datafield ind1=" " ind2=" " tag="653">
      <marc:subfield code="a">Osterzeit</marc:subfield>
   </marc:datafield>
   <marc:datafield ind1=" " ind2=" " tag="653">
      <marc:subfield code="a">Emmaus</marc:subfield>
   </marc:datafield>
   <marc:datafield ind1="0" ind2="0" tag="245">
      <marc:subfield code="a">Wir feiern fröhlich Ostern</marc:subfield>
   </marc:datafield>
   <marc:datafield ind1="0" ind2="0" tag="245">
      <marc:subfield code="b">Lieder zur Fasten- und Osterzeit</marc:subfield>
   </marc:datafield>
   <marc:datafield ind1=" " ind2="1" tag="264">
      <marc:subfield code="b">Musikverl. Martin Göth</marc:subfield>
      <marc:subfield code="c">2007</marc:subfield>
   </marc:datafield>
   <marc:datafield ind1="1" ind2=" " tag="520">
      <marc:subfield code="a">1.  Wir feiern fröhlich Ostern heut 2.  Sagt allen, die euch fragen 3.  Gott schickt dir einen Engel 4.  Auf, mein Esel 5.  Vom ersten bis zum dritten Tag 6.  Freut euch sehr (Kanon) 7.  Vom Kirchturm beginnen die Glocken 8.  Jesus lädt uns wieder ein 9.  Hört, Jesus ruft zu Tisch 10. Das Lied vom Gotteshaus 11. Muss ich einmal sterben 12. Draußen vor der Kirchentür 13. Es gingen zwei Jünger nach Emmaus 14. Ich gehe auf dich zu 15. Pfingstkanon 16. Das will uns Jesus sagen</marc:subfield>
   </marc:datafield>
   <marc:datafield ind1="3" ind2=" " tag="024">
      <marc:subfield code="a">9783784032092</marc:subfield>
   </marc:datafield>
</marc:record>
